000
00338nam a2200145Ia 4500
003
OSt
005
20240513145924.0
008
170524s9999 xx 000 0 und d
020
_a
978-8126515288
040
_c
iimtu
100
_a
Collin- Robert E.
245
0
_a
Foundations for Microwave Engineering
260
_b
Wiley
942
_2
ddc
_c
02
999
_c
5878
_d
5878